000 01160nam a2200325Ia 4500
005 20220317001020.0
008 160825s2008 ck a g 000 0 spa
020 _a97895830008012
100 1 _aDickens, Charles
_d1812-1870
245 1 0 _aCanción de navidad
_cCharles Dickens ; ilustrado por Carlos Ardila Mateus
250 _a1a. edición
_b12a. reimpresión
300 _a148 páginas
_bilustraciones en color
_c28 cm
490 _aLiteratura juvenil
521 _aRecomendado para jovenes de 13 años en adelante
650 1 4 _2LEMB
_aNovela juvenil inglesa
_ySiglo XIX
650 1 4 _2LEMB
_aLiteratura inglesa
_ySiglo XIX
650 1 4 _2LEMB
_aNavidad en la literatura
650 1 4 _2LEMB
_aFantasmas en la literatura
650 1 4 _2LEMB
_aEmociones en la literatura
650 1 4 _2LEMB
_aAvaricia en la literatura
650 1 4 _2LEMB
_aCambio de actitud
700 1 _aArdila, Carlos
_964414
942 _2loc
_cBKLIT
264 _aBogotá
_bPanamericana
_c2008
336 _atexto
_btxt
_2rdacontent
337 _asin mediación
_bn
_2rdamedia
338 _avolumen
_bnc
_2rdacarrier
040 _aCO-BoRNBP
_bspa
_erda
_cCO-BoRNBP
084 _aN DIC1
999 _c5676
_d5676